000 00764nam a22002057a 4500
003 OSt
005 20260212153125.0
008 160219b xxu||||| |||| 00| 0 eng d
020 _a05-718-2004-1
040 _cLahore University of Management Sciences
082 _aLahore University of Management Sciences
100 _aArshi Aziz
_9133181
245 _aTHE PERFORMANCE DILEMMA AT BEHBUD ASSOCIATION, KARACHI
_cArshi Aziz
260 _aLahore
_bLahore University of Management Sciences
_c2004
300 _a11 p.
_bPapers
440 _aTHE PERFORMANCE DILEMMA AT BEHBUD ASSOCIATION, KARACHI
_9133182
590 _6http://10.250.8.41:8080/xmlui/handle/123456789/56754
856 _uhttp://10.250.8.41:8080/xmlui/handle/123456789/56754
942 _2ddc
_cCS
999 _c351173
_d351173